000
00237nam a22001097a 4500
020
_a
0-87040-399-0
082
_a
746.44 CRO'S
245
_a
CROSS STITCH IN SMALL DESIGNS
260
_a
JAPAN
_b
ONDORI
_c
1980
300
_a
62P
942
_c
BK
999
_c
582004
_d
582004